Multinational Banks and the Drivers of Cross-Border Contagion
Hnacia sila prenosu solventnosti a šokov z veľkoobchodného financovania do 84 materských bánk OECD pri poskytovaní úverov 375 zahraničným dcérskym spoločnostiam. Dôkazy o prenose oboch typov otrasov. Podkapitalizácia materskej spoločnosti ovplyvňuje prenos šokov solventnosti, zatiaľ čo veľkoobchodné...
Salvato in:
| Autore principale: | |
|---|---|
| Natura: | Capitolo di libro |
| Lingua: | inglese |
| Soggetti: | |
| Tags: |
Nessun Tag, puoi essere il primo ad aggiungerne!!
|
MARC
| LEADER | 00000naa a2200000 4500 | ||
|---|---|---|---|
| 001 | 0280311 | ||
| 005 | 20211215094624.6 | ||
| 041 | 0 | |a eng | |
| 044 | |a CZ | ||
| 245 | 1 | 0 | |a Multinational Banks and the Drivers of Cross-Border Contagion |c Deyan Radev |
| 520 | |a Hnacia sila prenosu solventnosti a šokov z veľkoobchodného financovania do 84 materských bánk OECD pri poskytovaní úverov 375 zahraničným dcérskym spoločnostiam. Dôkazy o prenose oboch typov otrasov. Podkapitalizácia materskej spoločnosti ovplyvňuje prenos šokov solventnosti, zatiaľ čo veľkoobchodné šoky sa prenášajú na dcérske spoločnosti materských spoločností, ktoré sa spoliehajú predovšetkým na veľkoobchodné financovanie. Materské banky majú tendenciu strážiť investičné trhy na úkor trhov financovania a nasmerovať akúkoľvek prebytočnú likviditu na zlepšenie rastu úverov na zaostávajúcich trhoch. | ||
| 610 | 2 | 0 | |a solventnosť |
| 610 | 2 | 0 | |a šoky cenové |
| 610 | 2 | 0 | |a banky |
| 610 | 2 | 0 | |a banky medzinárodné |
| 610 | 2 | 0 | |a trh kapitálový |
| 100 | 1 | |a Radev, Deyan | |